Uriah Shelton Filmography - Statistics

General Stats
  • This quiz has been taken 3 times
  • The average score is 17 of 38
Answer Stats
Type Year Name % Correct
Web Series 2017 13 Reasons Why
100%
TV Show 2007 Ghost Whisperer
100%
TV Show 2009 Little Monk
100%
Film 2009 Alabama Moon
50%
Film 2010 A Soldier's Love Story
50%
TV Show 2012-2014 Blue
50%
Film 2024 Break
50%
Film 2016 Enter the Warriors Gate
50%
Film 2017 Flock of Four
50%
TV Show 2011 Franklin & Bash
50%
Film 2020 Freaky
50%
TV Show 2014-2017 Girl Meets World
50%
TV Show 2015 Instant Mom
50%
Short Film 2021 Kiss Marry Kill
50%
TV Show 2012 Last Man Standing
50%
Film 2010 Lifted
50%
Web Mini-Series 2019 Looking for Alaska
50%
Film 2008 Lower Learning
50%
Web Series 2025 Motorheads
50%
TV Show 2017 NCIS: Los Angeles
50%
Film 2009 Opposite Day
50%
TV Film 2008 Ring of Death
50%
Short Film 2019 Skywatch
50%
TV Show 2010-2013 The Glades
50%
TV Film 2008 The Nanny Express
50%
Web Series 2018 The Romanoffs
50%
TV Show 2009 The Suite Life on Deck
50%
TV Show 2009 Trauma
50%
TV Show 2009 Trust Me
50%
Film 2022 Unhuman
50%
TV Show 2007 Without a Trace
50%
TV Film 2009 Exit 19
0%
TV Show 2012 Justified
0%
TV Show 2008 Kamen Rider: Dragon Knight
0%
TV Show 2008 MADtv
0%
TV Show 2009 Monk
0%
TV Show 2013 Rev
0%
TV Show 2011 R.L. Stine's The Haunting Hour
0%
No matching quizzes found
Score Distribution
Percent of People with Each Score
Percentile by Number Answered
Your Score History
You have not taken this quiz